Cifrovye izmerenija castotno-vremennych parametrov signalov / (Rekord nr 7105)
| 000 -LEADER | |
|---|---|
| fixed length control field | 00343 a2200097 4500 |
| 100 1# - MAIN ENTRY--PERSONAL NAME | |
| Personal name | Kirianaki, N.V.. |
| Relator term | Autor |
| 245 0# - TITLE STATEMENT | |
| Title | Cifrovye izmerenija castotno-vremennych parametrov signalov / |
| Statement of responsibility, etc | Kirianaki N.V., Gajducok R.M.. |
| 260 ## - PUBLICATION, DISTRIBUTION, ETC. (IMPRINT) | |
| Place of publication, distribution, etc | L'vov : |
| Name of publisher, distributor, etc | Visca Skola, |
| Date of publication, distribution, etc | 1978. |
| 300 ## - PHYSICAL DESCRIPTION | |
| Extent | 166 s.; |
| Dimensions | 24 cm. |
| 700 1# - ADDED ENTRY--PERSONAL NAME | |
| Personal name | Gajducok, R.M.. |
| Relator term | Autor |
| 710 2# - ADDED ENTRY--CORPORATE NAME | |
| Corporate name or jurisdiction name as entry element | Visca Skola. |
| Relator term | Wydawca |
| Relator code | pbl |
Brak dostępnych egzemplarzy.